Rozpoznaj polityków III RP po zdjęciach - Statystyki

Ogólne statystyki
  • Ten quiz został rozwiązany 301 razy
  • Średni wynik to 17 z 28
Statystyki odpowiedzi
Obrazkowy Odpowiedź % Poprawnych
Lech Kaczyński
98%
Bronisław Komorowski
94%
Beata Szydło
91%
Ewa Kopacz
90%
Leszek Miller
88%
Antoni Macierewicz
86%
Krzysztof Bosak
84%
Radosław Sikorski
79%
Mariusz Błaszczak
74%
Janusz Palikot
72%
Leszek Balcerowicz
64%
Marek Belka
64%
Ryszard Kalisz
64%
Jan Olszewski
62%
Hanna Suchocka
61%
Włodzimierz Cimoszewicz
59%
Marek Kuchciński
52%
Janusz Piechociński
46%
Bogdan Borusewicz
42%
Jolanta Kwaśniewska
41%
Witold Waszczykowski
39%
Ludwik Dorn
38%
Bronisław Geremek
36%
Władysław Bartoszewski
36%
Grzegorz Napieralski
33%
Stanisław Karczewski
30%
Elżbieta Bieńkowska
27%
Danuta Wałęsa
23%
Nie znaleziono quizów pasujących do podanych kryteriów
Rozkład punktacji
Procent ludzi z każdym wynikiem
Percentyl według liczby udzielonych odpowiedzi
Twoja historia wyników
Nie rozwiązałeś tego quizu